000
00319nam a2200121Ia 4500
008
240624s9999 xx 000 0 und d
041
_a
eng
082
_a
658.404 WYS
100
_a
WYSOCKI ROBERT K
245
_a
EFFECTIVE PROJECT MANAGEMENT
260
_c
2002
_a
New York
_b
John Wiley
300
_a
xvii, : 359 : p. : cm. ; 23
999
_c
5183
_d
5183